000 00576nam a22002057a 4500
001 450
003 FISKH
005 20231211152637.0
008 230424b cb ||||| |||| 00| 0 eng d
020 _a9780545680240
040 _aFISKH
_beng
_cFISKH
_dFISKH
082 _a920.02
100 _aGrant, R.J.
245 _aSuperstars of history :
_bThe good, the bad, and the brainy :
_cCreated by Basher written by R.J. Grant
260 _aNew York :
_bScholastic.
_c2014
300 _a95 Pages.
_c23 cm.
521 8 _a960
_bLexile
521 8 _aU
_bRaz-Plus
942 _2ddc
_cBK
_n0
999 _c450
_d450